000 00994nam a2200253Ia 4500
003 OSt
005 20221005105200.0
006 a|||||r|||| 00| 0
007 ta
008 221004b |||||||| |||| 00| 0 hin d
020 _a9788179752197 (hbk)
_c552.5
024 _a95298
037 _b435, 25/03/2009, Swaraj Prakashan
_cTextual
040 _aCRL
_cCRL
_bhin
041 _2hin
_ahin
082 _aX.2.N07<-M80, 152L7;P8
100 _aबिपन चंद्र
245 0 _aभारम में आर्थिक राष्ट्रवाद का उद्भव और विकास
246 _aBhāram mean ārthik rāṣhṭravād kā udbhav aur vikāsa
260 _aनई दिल्ली
_bअनामिका पब्लिशर्स भारत
_c2008
300 _a371पृ0
_ccm.
942 _hX.2.N07<-M80, 152L7;P8
_cTEXL
_2cc
999 _c1015030
_d1015030